000 00778nam a2200253 i 4500
001 bg
100 1 _aNOGA, Krystyna
245 1 0 _aLaboratorium podstaw techniki cyfrowej /
_cKrystyna Noga ; [Wyższa Szkoła Morska Gdynia].
260 _aGdynia :
_bWydaw. Uczelniane WSM,
_c1997.
300 _a211 s., [2] k. tabl. złoż. :
_brys., wykr. ;
_c21 cm.
504 _aBibliogr. przy rozdz.
650 9 _aUkłady cyfrowe
650 9 _aUkłady logiczne
650 9 _aUkłady scalone
655 _aĆwiczenia i zadania
710 0 _aWYŻSZA SZKOŁA MORSKA (Gdynia)
020 _a8386703148
040 _cBPK
041 0 _apl
080 _a004.31:621.3.049.77:621.38](075.8)(076)
920 _a83-86703-14-8
942 _cKS
008 s pl f |000 0 pol
999 _c32828
_d32828
856 _uhttp://koha.tu.koszalin.pl/cgi-bin/koha/opac-detail.pl?biblionumber=32828
_yKatalog online BPK